000 00369nam a2200109Ia 4500
008 191206s9999 xx 000 0 und d
090 _aPR6005.A77M5
245 0 _aMister Johnson
260 _cc1989
300 _a"11 film reels of 11 on 6 : sd., col. ; 35 mm."
999 _c16501
_d16501